International Trends in Manufacturing Technology : Robotic Assemly

Gespeichert in:
Bibliographische Detailangaben
Format: Buch
Sprache:Englisch
Veröffentlicht: Kempston : IFS, 1985
Schlagworte:
Tags: Tag hinzufügen
Keine Tags, Fügen Sie das erste Tag hinzu!

MARC

LEADER 00000nam a22000003a 4500
001 stu84215
005 20150408175335.7
008 040224s1985----uk------------------eng-d
020 |a 0-903-608-71-5 
040 |a STU  |b slo 
041 0 |a eng 
044 |a uk 
080 |a 621.865.8  |7 A000003983 
245 |a International Trends in Manufacturing Technology :  |b Robotic Assemly 
260 |a Kempston :  |b IFS,  |c 1985 
300 |a 365 s 
650 7 |a priemyselné roboty  |2 stusub 
996 |b 284J016661  |c J*81137  |l JJSK  |s A  |a 24  |w stu84215_0001 
996 |b 284J016650  |c J*81138  |l JJST  |s P  |a 0  |w stu84215_0002